[Event "Detroit (CAO/5/9)"]
[Site "?"]
[Date "1994.??.??"]
[Round "?"]
[White "Zuniga, Jesus"]
[Black "Seibert, T."]
[Result "1-0"]
[WhiteElo "1605"]
[BlackElo "1605"]
[PlyCount "67"]
[EventDate "1994.??.??"]

{5/(9)} 1. d4 d5 2. c4 c6 3. Nc3 dxc4 4. e4 Nd7 5. Bxc4 b5 6. Bb3 Bb7 7. d5 Qa5
8. Bd2 Ne5 9. Na4 Qc7 10. dxc6 Nd3+ 11. Ke2 O-O-O 12. cxb7+ Qxb7 13. Qc2+ Kb8
14. Nc5 Nxc5 15. Bf4+ Ka8 16. Bd5 Rxd5 17. exd5 Qxd5 18. Nf3 Qe6+ 19. Be5 Qc4+
20. Qxc4 bxc4 21. Rac1 e6 22. Rxc4 Nh6 23. b4 Nd7 24. Rc8+ Kb7 25. Rc7+ Ka6 26.
Rxd7 Bxb4 27. a3 Bc5 28. Bxg7 Rb8 29. Bxh6 Rb2+ 30. Rd2 Rxd2+ 31. Kxd2 Bxa3 32.
Ra1 Kb6 33. Rxa3 Kc6 34. Rxa7 1-0

[Event "Detroit (Class DE/5/19)"]
[Site "?"]
[Date "1994.??.??"]
[Round "?"]
[White "Zuniga, Jesus"]
[Black "Raupp, Sarah"]
[Result "1-0"]
[WhiteElo "1605"]
[BlackElo "1605"]
[PlyCount "127"]
[EventDate "1994.??.??"]

{5/(19)} 1. d4 d6 2. c4 c5 3. e3 Nc6 4. d5 Ne5 5. Nf3 Bg4 6. Be2 Bxf3 7. Bxf3
Nxc4 8. Qa4+ Qd7 9. Qxc4 Nf6 10. Nc3 g6 11. Bd2 Bg7 12. O-O O-O 13. Rac1 Rae8
14. a3 e5 15. e4 Re7 16. Bg5 h6 17. Bxf6 Bxf6 18. Qb5 Rfe8 19. Qxd7 Rxd7 20.
Be2 a6 21. Na2 Bg5 22. Rc2 b5 23. a4 c4 24. axb5 axb5 25. Rb1 Ra8 26. b3 cxb3
27. Rxb3 Rda7 28. Nc3 Ra1+ 29. Nb1 R8a2 30. Rxa2 Rxa2 31. Bxb5 Rc2 32. g3 Rc1+
33. Kg2 f5 34. exf5 gxf5 35. Bd7 f4 36. Be6+ Kg7 37. Rb7+ Kg6 38. g4 h5 39. Nd2
hxg4 40. Bf7+ Kf5 41. Be6+ Kf6 42. Bxg4 Kg6 43. Rb6 Be7 44. Ne4 Rc8 45. Bxc8
Bh4 46. Rxd6+ Kh5 47. Nf6+ Bxf6 48. Rxf6 Kh4 49. d6 Kg5 50. d7 Kxf6 51. d8=Q+
Kf7 52. Qc7+ Kf8 53. Qxe5 f3+ 54. Kxf3 Kg8 55. h4 Kf8 56. h5 Kf7 57. Qg5 Ke8
58. Bd7+ Kxd7 59. h6 Ke8 60. h7 Kf8 61. Qf6+ Ke8 62. h8=Q+ Kd7 63. Qhg7+ Ke8
64. Qff8# 1-0

[Event "Eastpointe (US Am N/3/33)"]
[Site "?"]
[Date "1994.??.??"]
[Round "?"]
[White "Zuniga, Jesus"]
[Black "Nixon, Peter"]
[Result "1-0"]
[WhiteElo "1605"]
[BlackElo "1605"]
[PlyCount "57"]
[EventDate "1994.??.??"]

{3/(33)} 1. d4 Nf6 2. c4 c6 3. Nc3 d5 4. e3 e6 5. Nf3 Be7 6. Bd3 Nbd7 7. O-O
O-O 8. Qc2 h6 9. cxd5 cxd5 10. e4 dxe4 11. Nxe4 b6 12. Be3 Bb7 13. Nxf6+ Bxf6
14. Qe2 Rc8 15. Rac1 Qe7 16. Ba6 Bxf3 17. Qxf3 Rxc1 18. Rxc1 Nb8 19. Bd3 Qd7
20. Qe4 g6 21. Bxh6 Rd8 22. Be3 Nc6 23. Qxc6 Qxc6 24. Rxc6 Bxd4 25. Bxd4 Rxd4
26. Rc3 e5 27. g3 e4 28. Bf1 Rd2 29. Ra3 1-0

[Event "Detroit (MOR/6/29)"]
[Site "?"]
[Date "1994.??.??"]
[Round "?"]
[White "Zuniga, Jesus"]
[Black "Moore, Robert"]
[Result "0-1"]
[WhiteElo "1605"]
[BlackElo "1750"]
[PlyCount "60"]
[EventDate "1994.??.??"]

{6/(29)} 1. d4 d6 2. c4 g6 3. Nc3 Bg7 4. e3 Nf6 5. Bd3 O-O 6. Nge2 Nbd7 7. O-O
e5 8. d5 Nh5 9. f4 f5 10. fxe5 Nxe5 11. e4 Nxd3 12. Qxd3 Nf6 13. Ng3 fxe4 14.
Ncxe4 Nxe4 15. Rxf8+ Qxf8 16. Qxe4 Bd7 17. Rb1 Re8 18. Qf4 Re1+ 19. Kf2 Qxf4+
20. Bxf4 Rxb1 21. b3 Rb2+ 22. Kf3 Rxa2 23. Be3 Rb2 24. Bxa7 Rxb3+ 25. Ke2 Rc3
26. Ne4 Rxc4 27. Kd3 Bb5 28. Ke3 Bh6+ 29. Kf3 Ba4 30. Nf6+ Kf7 0-1

[Event "Detroit (WCO/2/14)"]
[Site "?"]
[Date "1994.??.??"]
[Round "?"]
[White "Zuniga, Jesus"]
[Black "Moore, De"]
[Result "0-1"]
[WhiteElo "1605"]
[BlackElo "1605"]
[PlyCount "90"]
[EventDate "1994.??.??"]

{2/(14)} 1. d4 d5 2. c4 e6 3. Nc3 a6 4. a3 Nc6 5. e3 Nf6 6. Nf3 Ne4 7. Nxe4
dxe4 8. Nd2 f5 9. Be2 g6 10. O-O Qh4 11. f3 exf3 12. Nxf3 Qf6 13. Qe1 Bd7 14.
Qc3 Bg7 15. Qb3 Rb8 16. Bd2 Qd8 17. Bc3 Rg8 18. Rfd1 g5 19. Nd2 g4 20. h3 Qg5
21. hxg4 Qxe3+ 22. Kf1 Nxd4 23. Bxd4 Bxd4 24. Qxe3 Bxe3 25. gxf5 exf5 26. Bh5+
Kd8 27. Bf3 Kc8 28. Bd5 Rh8 29. Nf3 f4 30. Ne5 c6 31. Nxd7 Kxd7 32. Be4+ Kc7
33. Bf5 Rbd8 34. Rxd8 Rxd8 35. Bxh7 Rh8 36. Ke2 Rxh7 37. Rd1 Rd7 38. Rxd7+ Kxd7
39. b3 Kd6 40. Kf3 Ke5 41. Ke2 Ke4 42. Kd1 Kd3 43. g4 fxg3 44. b4 g2 45. b5
g1=Q# 0-1

[Event "Detroit (Class DE/1/1)"]
[Site "?"]
[Date "1994.??.??"]
[Round "?"]
[White "Zuniga, Jesus"]
[Black "Mihelich, John"]
[Result "0-1"]
[WhiteElo "1605"]
[BlackElo "1605"]
[PlyCount "154"]
[EventDate "1994.??.??"]

{1/(1)} 1. d4 d5 2. c4 Nf6 3. Nc3 e6 4. e3 Bb4 5. Bd2 Bxc3 6. Bxc3 Nc6 7. Nf3
O-O 8. Be2 h6 9. O-O Ne7 10. Ne5 Ng6 11. Nxg6 fxg6 12. Qc2 Qe8 13. Bd3 Kh7 14.
Rfe1 b6 15. e4 Qf7 16. Re3 Nh5 17. Bb4 Re8 18. e5 Nf4 19. Rf3 Kg8 20. g3 Nh3+
21. Kg2 Qxf3+ 22. Kxf3 dxc4 23. Bxc4 Bb7+ 24. Ke2 Rad8 25. Rd1 a5 26. Ba3 Ng5
27. Qxg6 Bf3+ 28. Kd3 Be4+ 29. Qxe4 Nxe4 30. Kxe4 c6 31. f4 b5 32. Bxb5 cxb5
33. Bc5 Rc8 34. a3 Red8 35. Bb6 Rd5 36. Bxa5 Rc2 37. Rd2 Rc1 38. Re2 Kf7 39.
Bb4 Rd1 40. Rd2 Re1+ 41. Kd3 Rf1 42. Ke3 Re1+ 43. Kd3 Rc1 44. Bc3 Kg6 45. Rc2
Rg1 46. Ke4 Rf1 47. Ke3 Kf5 48. Bb4 Rd1 49. Rd2 Rxd2 50. Bxd2 Kg4 51. Bb4 g6
52. Bc3 Kh3 53. Kf3 h5 54. Kf2 Kxh2 55. Kf3 Kh3 56. Kf2 Kg4 57. Kg2 Rd8 58. Kh2
h4 59. gxh4 Kxh4 60. Kg2 Kg4 61. Kf2 Kxf4 62. Ke2 Ke4 63. Kf2 Rf8+ 64. Kg3 Rf5
65. Kg4 g5 66. Bd2 Kxd4 67. Bxg5 Kxe5 68. Kh4 Ke4 69. Kh5 Kf3 70. Kg6 Rxg5+ 71.
Kxg5 e5 72. Kh4 e4 73. Kh3 e3 74. b3 e2 75. Kh2 e1=Q 76. a4 Qf2+ 77. Kh3 Qg3#
0-1

[Event "Detroit (WCO/3/18)"]
[Site "?"]
[Date "1994.??.??"]
[Round "?"]
[White "Zuniga, Jesus"]
[Black "Joyce, R."]
[Result "0-1"]
[WhiteElo "1605"]
[BlackElo "1605"]
[PlyCount "114"]
[EventDate "1994.??.??"]

{3/(18)} 1. d4 c6 2. c4 d5 3. Nc3 Nf6 4. e3 g6 5. cxd5 cxd5 6. Bb5+ Bd7 7. Qa4
a6 8. Bxd7+ Nbxd7 9. Nf3 Bg7 10. Ne5 e6 11. O-O O-O 12. Nxd7 Nxd7 13. Bd2 Nf6
14. Rac1 Rc8 15. Ne2 Re8 16. Ba5 Qd6 17. Qb4 Qxb4 18. Bxb4 Rc4 19. Rxc4 dxc4
20. Rc1 b5 21. a4 Bh6 22. axb5 axb5 23. Ra1 Nd5 24. Bc5 f5 25. g3 Rb8 26. Nc3
Nxc3 27. bxc3 Bf8 28. Bxf8 Kxf8 29. Kf1 b4 30. cxb4 Rxb4 31. Rc1 Ke7 32. Ke1
Kd6 33. Kd2 Rb2+ 34. Rc2 Rxc2+ 35. Kxc2 e5 36. Kc3 Kd5 37. f3 exd4+ 38. exd4 g5
39. h4 gxh4 40. gxh4 f4 41. h5 h6 42. Kd2 Kxd4 43. Ke2 c3 44. Kd1 Kd3 45. Kc1
Ke3 46. Kc2 Kxf3 47. Kxc3 Ke2 48. Kd4 f3 49. Ke5 f2 50. Kf6 f1=Q+ 51. Kg7 Qf4
52. Kg6 Kf3 53. Kg7 Kg4 54. Kg6 Qf5+ 55. Kg7 Kxh5 56. Kh8 Kg6 57. Kg8 Qf7+ 0-1

[Event "Detroit (MOR/4/40)"]
[Site "?"]
[Date "1994.??.??"]
[Round "?"]
[White "Zuniga, Jesus"]
[Black "Holland, K."]
[Result "1-0"]
[WhiteElo "1605"]
[BlackElo "1605"]
[PlyCount "87"]
[EventDate "1994.??.??"]

{4/(40)} 1. d4 Nf6 2. c4 e6 3. Nc3 d5 4. e3 b6 5. Nf3 Bb4 6. Bd2 Ne4 7. Nxe4
dxe4 8. Bxb4 exf3 9. Qxf3 c6 10. Bd3 Na6 11. Qxc6+ Bd7 12. Qd6 Nxb4 13. Qxb4 a5
14. Qa3 Qe7 15. Qxe7+ Kxe7 16. O-O Rhc8 17. Rac1 Rc6 18. Be4 Rac8 19. Bxc6 Bxc6
20. d5 Bb7 21. dxe6 Kxe6 22. Rfd1 Ba6 23. b3 b5 24. cxb5 Rxc1 25. Rxc1 Bxb5 26.
Rc5 Be2 27. Rxa5 g6 28. f4 h5 29. Kf2 Bd1 30. e4 Bc2 31. Ke3 Kf6 32. Ra6+ Kg7
33. b4 Bb1 34. b5 Bxe4 35. Kxe4 h4 36. b6 h3 37. g3 Kh6 38. b7 Kh5 39. b8=Q f5+
40. Ke5 Kg4 41. Rxg6+ Kf3 42. Qb3+ Kg2 43. Rc6 Kxh2 44. Rc2+ 1-0

[Event "Eastpointe (US Am N/5/27)"]
[Site "?"]
[Date "1994.??.??"]
[Round "?"]
[White "Zuniga, Jesus"]
[Black "Herzog, M."]
[Result "1-0"]
[WhiteElo "1605"]
[BlackElo "1635"]
[PlyCount "33"]
[EventDate "1994.??.??"]

{5/(27)} 1. d4 Nf6 2. c4 e6 3. Nc3 Bb4 4. Bd2 c5 5. dxc5 Bxc5 6. e3 O-O 7. Nf3
Nc6 8. a3 d5 9. cxd5 Nxd5 10. Nxd5 Qxd5 11. Bc3 Qd8 12. Qd3 b6 13. Rd1 Qc7 14.
Ng5 g6 15. Qe4 Bb7 16. Nxh7 Kxh7 17. Qh4+ 1-0

[Event "Detroit (CAO/1/4)"]
[Site "?"]
[Date "1994.??.??"]
[Round "?"]
[White "Zuniga, Jesus"]
[Black "Gabbara, Faris"]
[Result "0-1"]
[WhiteElo "1605"]
[BlackElo "2155"]
[PlyCount "48"]
[EventDate "1994.??.??"]

{1/(4)} 1. d4 Nf6 2. c4 e6 3. Nc3 b6 4. e3 Bb7 5. Nf3 Bb4 6. Bd2 O-O 7. a3 Be7
8. Bd3 d5 9. cxd5 exd5 10. O-O Ne4 11. Qc2 Nxd2 12. Nxd2 h6 13. Nb5 c6 14. Nc3
Nd7 15. f4 Nf6 16. h3 c5 17. dxc5 Bxc5 18. Rfe1 Re8 19. Nf1 d4 20. exd4 Qxd4+
21. Kh2 Qg1+ 22. Kg3 Nh5+ 23. Kg4 Bxg2 24. Kxh5 Bf3+ 0-1

[Event "Eastpointe (US Am N/2/29)"]
[Site "?"]
[Date "1994.??.??"]
[Round "?"]
[White "Zuniga, Jesus"]
[Black "Duncan, Robert"]
[Result "1/2-1/2"]
[WhiteElo "1605"]
[BlackElo "1635"]
[PlyCount "96"]
[EventDate "1994.??.??"]

{2/(29)} 1. d4 Nf6 2. c4 g6 3. Nc3 Bg7 4. Nf3 O-O 5. e4 d6 6. Be2 b6 7. O-O Bb7
8. d5 Nbd7 9. Qc2 Nc5 10. Rb1 Ne8 11. Nd2 Bc8 12. Nb3 f5 13. Nxc5 bxc5 14. exf5
Bxf5 15. Bd3 Bxd3 16. Qxd3 Qd7 17. Re1 a6 18. Bd2 Nf6 19. Ne4 Nxe4 20. Qxe4
Rae8 21. b3 Bd4 22. Be3 Bxe3 23. Rxe3 Qf5 24. Qxf5 Rxf5 25. Rbe1 Kf7 26. f3 h5
27. h3 h4 28. Re4 g5 29. Kh2 Rf6 30. Rg4 Kg6 31. Rge4 Kf7 32. Re6 a5 33. Rxf6+
Kxf6 34. g4 e5 35. Kg2 Rb8 36. Kf2 Ke7 37. Ke3 Rf8 38. Ke4 Rf4+ 39. Ke3 Kd7 40.
Rd1 c6 41. dxc6+ Kxc6 42. Rd5 Rd4 43. Rxd4 cxd4+ 44. Kd3 Kc5 45. a3 d5 46. cxd5
Kxd5 47. Ke2 Kc5 48. Kd3 Kd5 1/2-1/2

[Event "Eastpointe (US Am N/6/17)"]
[Site "?"]
[Date "1994.??.??"]
[Round "?"]
[White "Zuniga, Jesus"]
[Black "Drysdale, Gilbert"]
[Result "0-1"]
[WhiteElo "1605"]
[BlackElo "1740"]
[PlyCount "66"]
[EventDate "1994.??.??"]

{6/(17)} 1. d4 e5 2. dxe5 Nc6 3. Nf3 Qe7 4. Bg5 Qb4+ 5. Nbd2 h6 6. Be3 Qxb2 7.
Qb1 Qc3 8. Kd1 d5 9. exd6 Bf5 10. a3 Bxc2+ 11. Qxc2 Qxa1+ 12. Qc1 Qxc1+ 13.
Kxc1 Bxd6 14. Nc4 Be7 15. Nd4 Nxd4 16. Bxd4 Bf6 17. Bc5 b6 18. Bb4 c5 19. Bd2
Rd8 20. g3 Ne7 21. a4 Rd4 22. e3 Rd8 23. a5 b5 24. Na3 Bb2+ 25. Kxb2 Rxd2+ 26.
Kc1 Ra2 27. Bxb5+ Kd8 28. Rd1+ Kc8 29. Bd7+ Kb8 30. Nc4 Ra1+ 31. Kc2 Rxd1 32.
Kxd1 Rd8 33. Ne5 f6 0-1

[Event "Detroit (CAO/3/5)"]
[Site "?"]
[Date "1994.??.??"]
[Round "?"]
[White "Zuniga, Jesus"]
[Black "Bailey, Jason"]
[Result "0-1"]
[WhiteElo "1605"]
[BlackElo "1705"]
[PlyCount "48"]
[EventDate "1994.??.??"]

{3/(5)} 1. d4 d5 2. c4 e6 3. e3 Nf6 4. Nf3 c6 5. a3 Be7 6. Bd3 O-O 7. O-O Re8
8. Nc3 dxc4 9. Bxc4 b5 10. Bd3 Bb7 11. Bd2 a6 12. b4 c5 13. bxc5 Bxc5 14. Qc2
Bd6 15. Ne5 h6 16. Nxf7 Kxf7 17. Bg6+ Kg8 18. Bxe8 Qxe8 19. g3 Qh5 20. Qd1 Bf3
21. Ne2 Bxe2 22. Qb3 Qh3 23. e4 Bc4 24. Qc2 Ng4 0-1

[Event "Detroit (MCO/DEU/3b/8)"]
[Site "?"]
[Date "1994.??.??"]
[Round "?"]
[White "Zulauf, M."]
[Black "Nolan, Dan"]
[Result "1-0"]
[WhiteElo "1605"]
[BlackElo "1605"]
[PlyCount "61"]
[EventDate "1994.??.??"]

1. e4 c5 2. d4 d6 3. Bb5+ Bd7 4. Bxd7+ Nxd7 5. dxc5 dxc5 6. Qd5 e6 7. Qxb7 Ngf6
8. Qb3 Nxe4 9. Nf3 Qa5+ 10. Nbd2 Qa6 11. Nxe4 c4 12. Qe3 Rd8 13. O-O Be7 14. b3
O-O 15. Bb2 Bb4 16. Bc3 Nb6 17. Bxb4 Nd5 18. Qd2 Nf6 19. Nc5 Qc8 20. Qe2 Qb8
21. Qxc4 Nd5 22. Na6 Nb6 23. Bxf8 Nxc4 24. Nxb8 Rxf8 25. bxc4 Rxb8 26. Rfd1 Rc8
27. Rd4 f6 28. Rad1 h6 29. Rd8+ Rxd8 30. Rxd8+ Kf7 31. c5 1-0

[Event "Detroit (MCO/DEU/6/13)"]
[Site "?"]
[Date "1994.??.??"]
[Round "?"]
[White "Zulauf, M."]
[Black "Arwashan, N."]
[Result "0-1"]
[WhiteElo "1605"]
[BlackElo "1605"]
[PlyCount "38"]
[EventDate "1994.??.??"]

{6/(13)} 1. d4 d5 2. f3 f6 3. e4 c6 4. c3 e5 5. Qd3 Bd6 6. Nd2 Ne7 7. Nb3 Be6
8. Be3 dxe4 9. Qxe4 Bf5 10. Qh4 Nd5 11. Bd2 O-O 12. f4 exf4 13. Kd1 Qe7 14. Nc1
Ne3+ 15. Bxe3 Qxe3 16. Bc4+ Kh8 17. Nge2 f3 18. Ng3 Bf4 19. Nxf5 Qd2# 0-1

[Event "Detroit (MCO/DEU/5/12)"]
[Site "?"]
[Date "1994.??.??"]
[Round "?"]
[White "Zulauf, M."]
[Black "Andreas, L."]
[Result "0-1"]
[WhiteElo "1605"]
[BlackElo "1605"]
[PlyCount "94"]
[EventDate "1994.??.??"]

{5/(12)} 1. d4 d5 2. c3 Nf6 3. f3 h6 4. e3 Bf5 5. Bd3 Qd7 6. Ne2 Nc6 7. Ng3
Bxd3 8. Qxd3 e5 9. O-O Bd6 10. Na3 a6 11. Nf5 g6 12. Nxd6+ Qxd6 13. Nc2 e4 14.
Qe2 O-O-O 15. b3 Rde8 16. Ba3 Qd7 17. Nb4 Ne7 18. Nc2 Nf5 19. Rad1 h5 20. Bb4
exf3 21. Qxf3 Ng4 22. h3 Ngxe3 23. Nxe3 Nxe3 24. Rde1 Nxf1 25. Rxe8+ Rxe8 26.
Qxf1 Re4 27. a4 Qe6 28. Kf2 Rf4+ 29. Kg1 Rxf1+ 30. Kxf1 Qf5+ 31. Ke2 Qc2+ 32.
Kf1 Qxb3 33. a5 c6 34. Kf2 Qc2+ 35. Ke1 Qxg2 36. Kd1 Qxh3 37. Kc2 Qf5+ 38. Kd2
h4 39. Ke3 h3 40. Bd6 Qe6+ 41. Be5 h2 42. Kf2 h1=Q 43. Ke3 Qe4+ 44. Kd2 Q6f5
45. Bg7 Qff3 46. Kc1 Qee2 47. Bh6 Qff1# 0-1

[Event "Detroit (MCO/DEU/1b/9)"]
[Site "?"]
[Date "1994.??.??"]
[Round "?"]
[White "Zulauf, M."]
[Black "Abdul, A."]
[Result "0-1"]
[WhiteElo "1605"]
[BlackElo "1605"]
[PlyCount "32"]
[EventDate "1994.??.??"]

1. d4 e6 2. c3 Nc6 3. Nf3 d5 4. Bg5 Be7 5. Qd2 Nf6 6. Na3 Ne4 7. Qe3 Nxg5 8.
Ne5 Bxa3 9. bxa3 Nxe5 10. Qxe5 f6 11. Qg3 Qe7 12. f4 Ne4 13. Qd3 Qxa3 14. Qb5+
Bd7 15. Qxb7 Qxc3+ 16. Kd1 Qd2# 0-1

[Event "Detroit (Class B/2/16)"]
[Site "?"]
[Date "1994.??.??"]
[Round "?"]
[White "Zubatch, Steve"]
[Black "Moceri, Paul"]
[Result "1-0"]
[WhiteElo "1700"]
[BlackElo "1635"]
[PlyCount "119"]
[EventDate "1994.??.??"]

{2/(16)} 1. e4 e5 2. Nf3 Nc6 3. Bb5 a6 4. Ba4 Be7 5. O-O d6 6. h3 Nf6 7. Re1
O-O 8. c3 Re8 9. d4 b5 10. Bb3 Bf8 11. Bg5 Bb7 12. Nbd2 h6 13. Bxf6 Qxf6 14.
Nf1 Na5 15. Bc2 Nc6 16. Ng3 Ne7 17. Nh2 Ng6 18. Ng4 Qd8 19. Nf5 Bc8 20. Kh2
Bxf5 21. exf5 Nf4 22. g3 Nd5 23. dxe5 dxe5 24. Rxe5 Rxe5 25. Nxe5 Nb6 26. Bb3
Nc4 27. Bxc4 bxc4 28. Nxc4 Qf6 29. Qd7 Rd8 30. Qxc7 Qxf5 31. Qf4 Qxf4 32. gxf4
Bc5 33. Kg2 Re8 34. Rd1 Re4 35. Ne3 Bxe3 36. fxe3 Rxe3 37. Rd2 Re6 38. Rc2 Kf8
39. c4 Ke7 40. c5 Kd7 41. c6+ Rxc6 42. Rxc6 Kxc6 43. h4 Kd5 44. Kf3 Kd4 45. h5
g6 46. Kg4 Ke4 47. b4 f5+ 48. Kg3 gxh5 49. a4 h4+ 50. Kxh4 Kxf4 51. b5 axb5 52.
axb5 Ke3 53. b6 f4 54. b7 Kf2 55. b8=Q f3 56. Qf4 h5 57. Qd2+ Kg1 58. Kg3 h4+
59. Kxf3 h3 60. Kg3 1-0

[Event "Detroit (MOR/3/31)"]
[Site "?"]
[Date "1994.??.??"]
[Round "?"]
[White "Zetouna, M."]
[Black "Walters, G."]
[Result "0-1"]
[WhiteElo "1605"]
[BlackElo "1655"]
[PlyCount "66"]
[EventDate "1994.??.??"]

{3/(31)} 1. d4 d5 2. e3 c5 3. c4 Nf6 4. Nc3 Nc6 5. cxd5 Nxd5 6. Bc4 e6 7. Qf3
Nxc3 8. bxc3 Bd7 9. d5 Ne5 10. Qe4 Nxc4 11. Qxc4 exd5 12. Qxd5 Be7 13. Qb3 Bc6
14. f3 O-O 15. Ne2 Bh4+ 16. Ng3 Qd3 17. c4 Qg6 18. Kf2 Rad8 19. Rd1 Rxd1 20.
Qxd1 Rd8 21. Qe2 Rd3 22. Bb2 Qd6 23. Kg1 Bxg3 24. hxg3 Rd2 25. Qe1 Rxb2 26. Rd1
Qe7 27. Qa5 Qxe3+ 28. Kh1 h6 29. Qd8+ Kh7 30. Qc8 Qe5 31. Qg4 Rxa2 32. f4 Bxg2+
33. Kg1 Qe3+ 0-1

[Event "Detroit (MOR/1a/39)"]
[Site "?"]
[Date "1994.??.??"]
[Round "?"]
[White "Zetouna, M."]
[Black "Solski, Jeff"]
[Result "0-1"]
[WhiteElo "1605"]
[BlackElo "1605"]
[PlyCount "92"]
[EventDate "1994.??.??"]

1. d4 Nf6 2. c4 g6 3. Nc3 Bg7 4. e3 O-O 5. Nf3 d6 6. Bd3 Nbd7 7. O-O e5 8. Ne4
Nxe4 9. Bxe4 Nf6 10. Bc2 Bg4 11. h3 Bxf3 12. Qxf3 c6 13. Rd1 Qc7 14. dxe5 dxe5
15. b3 e4 16. Qe2 Nd7 17. Rb1 Nc5 18. Ba3 Qb6 19. Bxc5 Qxc5 20. Bxe4 Rfe8 21.
Qf3 Rad8 22. Bd3 Qa3 23. Qe2 Re6 24. b4 Red6 25. Rb3 Qa4 26. c5 Rd5 27. Bc2
Qxa2 28. Rxd5 Rxd5 29. g4 Bc3 30. Rxc3 Qa1+ 31. Kg2 Qxc3 32. Be4 Rd2 33. Qf3
Qxb4 34. h4 Qxc5 35. Qf4 Qd6 36. Qg5 Rd5 37. Bxd5 Qxd5+ 38. Qxd5 cxd5 39. Kf3
f6 40. e4 dxe4+ 41. Kxe4 Kf7 42. Kd5 Ke7 43. f4 b5 44. Kc5 a6 45. Kb4 Ke6 46.
Ka5 f5 0-1

[Event "Novi (MI Women/4/9)"]
[Site "?"]
[Date "1994.??.??"]
[Round "?"]
[White "Zarzycki, Katherine"]
[Black "Lin, K."]
[Result "1-0"]
[WhiteElo "1605"]
[BlackElo "1605"]
[PlyCount "25"]
[EventDate "1994.??.??"]

{4/(9)} 1. e4 e5 2. Bc4 Nf6 3. Nf3 Nc6 4. O-O Nxe4 5. Nxe5 Nxe5 6. f4 Ng4 7.
Qxg4 Bd6 8. Qh5 Bc5+ 9. d4 Bxd4+ 10. Kh1 g6 11. Qd5 Ng3+ 12. hxg3 h5 13. Qxf7#
1-0

[Event "Novi (MI Women/2/3)"]
[Site "?"]
[Date "1994.??.??"]
[Round "?"]
[White "Zarzycki, Amanda"]
[Black "Raupp, Helene"]
[Result "0-1"]
[WhiteElo "1605"]
[BlackElo "1615"]
[PlyCount "38"]
[EventDate "1994.??.??"]

{2/(3)} 1. e4 e6 2. Bc4 d5 3. Bd3 c5 4. exd5 exd5 5. a3 Nf6 6. Qe2+ Be7 7. b4
c4 8. Bb2 O-O 9. Nf3 cxd3 10. cxd3 Bg4 11. O-O Nc6 12. Rc1 Re8 13. Nc3 Nd4 14.
h3 Nxe2+ 15. Kh2 Bxf3 16. gxf3 Bd6+ 17. Kg2 Nh5 18. Nxd5 Qg5+ 19. Kf1 Qg1# 0-1

[Event "Novi (MI Women/4/4)"]
[Site "?"]
[Date "1994.??.??"]
[Round "?"]
[White "Zarzycki, Amanda"]
[Black "Bensek, A."]
[Result "0-1"]
[WhiteElo "1605"]
[BlackElo "1605"]
[PlyCount "42"]
[EventDate "1994.??.??"]

{4/(4)} 1. e4 c5 2. Bc4 Nc6 3. Qf3 e6 4. Nh3 g6 5. Nf4 Bg7 6. Nc3 Nge7 7. g4
O-O 8. Rg1 Nd4 9. Qd1 b6 10. Rg3 Bb7 11. Rh3 d5 12. g5 dxc4 13. Qg4 Nec6 14.
Qh4 h5 15. Nxg6 fxg6 16. f4 Nxc2+ 17. Kd1 Nxa1 18. f5 exf5 19. exf5 Rxf5 20.
Qe4 Nd4 21. Qxb7 Rf1# 0-1

[Event "Detroit (MCO/DEU/1a/11)"]
[Site "?"]
[Date "1994.??.??"]
[Round "?"]
[White "Young, L."]
[Black "Prince, S."]
[Result "1-0"]
[WhiteElo "1605"]
[BlackElo "1605"]
[PlyCount "41"]
[EventDate "1994.??.??"]

1. d4 Nf6 2. Nf3 g6 3. Bg5 Bg7 4. e3 O-O 5. Bd3 Nc6 6. Nbd2 d6 7. d5 Ne5 8. e4
e6 9. O-O exd5 10. exd5 Bg4 11. c4 Nxd3 12. h3 Bf5 13. Nh4 Qd7 14. Nxf5 Qxf5
15. Nf3 Nxb2 16. Qb3 Ne4 17. Bc1 Nxf2 18. Bxb2 Nxh3+ 19. Kh1 Bh6 20. Qc3 Nf4
21. Qh8# 1-0

[Event "Detroit (MCO/DEU/5/14)"]
[Site "?"]
[Date "1994.??.??"]
[Round "?"]
[White "Young, L."]
[Black "Jackson, K."]
[Result "0-1"]
[WhiteElo "1605"]
[BlackElo "1605"]
[PlyCount "110"]
[EventDate "1994.??.??"]

{5/(14)} 1. e4 d5 2. d4 dxe4 3. Bc4 c5 4. Nd2 cxd4 5. Nxe4 Nf6 6. Ng5 e6 7.
N5f3 Nc6 8. Bg5 Be7 9. Ne2 Qa5+ 10. Qd2 Qxd2+ 11. Nxd2 O-O 12. Nf3 Rd8 13.
O-O-O e5 14. Rhe1 e4 15. Nh4 Bg4 16. f3 exf3 17. Nxf3 Bxf3 18. gxf3 h6 19. Bh4
g5 20. Bf2 Bb4 21. c3 dxc3 22. Nxc3 Rxd1+ 23. Rxd1 Bxc3 24. bxc3 Ne5 25. Be2 g4
26. f4 Ng6 27. Rd6 Nxf4 28. Bc4 Rc8 29. Rd4 Ne6 30. Bxe6 fxe6 31. Kc2 e5 32.
Rd6 Ne4 33. Rg6+ Kh7 34. Rxg4 Nxf2 35. Rb4 b6 36. Rb5 Rc5 37. Rb1 e4 38. Kd2
Ng4 39. h3 Ne5 40. Rf1 Nf3+ 41. Ke3 Rxc3+ 42. Kxe4 Nd2+ 43. Kd4 Rc4+ 44. Kd3
Nxf1 45. Kxc4 Ne3+ 46. Kb5 Kg6 47. a4 Kg5 48. Ka6 Kh4 49. Kxa7 Nd5 50. Ka6 Kxh3
51. Kb5 Nc3+ 52. Kb4 Nxa4 53. Kxa4 Kg3 54. Kb5 h5 55. Kxb6 h4 0-1

[Event "Detroit (MCO/DEU/7/12)"]
[Site "?"]
[Date "1994.??.??"]
[Round "?"]
[White "Young, L."]
[Black "Danek, C."]
[Result "0-1"]
[WhiteElo "1605"]
[BlackElo "1605"]
[PlyCount "72"]
[EventDate "1994.??.??"]

{7/(12)} 1. e4 c5 2. Nf3 d6 3. Nc3 Nf6 4. Bc4 e6 5. Qe2 a6 6. d3 Be7 7. Be3 Qc7
8. O-O b5 9. Bb3 O-O 10. Bf4 Bb7 11. e5 Nd5 12. Nxd5 exd5 13. exd6 Bxd6 14.
Bxd6 Qxd6 15. c4 dxc4 16. dxc4 Qc6 17. Rfe1 Nd7 18. Qd3 Nf6 19. Rad1 Rfe8 20.
Qd2 h6 21. Re3 Ng4 22. Rxe8+ Rxe8 23. Qd7 Re1+ 24. Rxe1 Qxd7 25. h3 Bxf3 26.
gxf3 Nf6 27. Kg2 g5 28. Rd1 Qc8 29. Rd6 Kg7 30. a4 bxa4 31. Bxa4 Qf5 32. Rc6
Nh5 33. Bb3 Nf4+ 34. Kf1 Qd3+ 35. Kg1 Qxb3 36. Rxc5 Qxf3 0-1

[Event "Detroit (MCO/DEU/4/11)"]
[Site "?"]
[Date "1994.??.??"]
[Round "?"]
[White "Young, L."]
[Black "Andreas, L."]
[Result "0-1"]
[WhiteElo "1605"]
[BlackElo "1605"]
[PlyCount "86"]
[EventDate "1994.??.??"]

{4/(11)} 1. d4 g6 2. c4 Bg7 3. Nf3 Nf6 4. Nc3 O-O 5. Bg5 c6 6. e4 Ne8 7. Qd2 f6
8. Bh6 e6 9. Bxg7 Kxg7 10. Bd3 d5 11. e5 b6 12. exf6+ Qxf6 13. O-O Nd6 14. b3
Nf5 15. Qf4 Na6 16. Qg5 Qxg5 17. Nxg5 Nxd4 18. Rae1 Nb4 19. Nf3 Nxf3+ 20. gxf3
Nxd3 21. Re3 Nf4 22. Kh1 d4 23. Re4 dxc3 24. Rc1 Rd8 25. Rxf4 Rd3 26. c5 b5 27.
Re4 Kf6 28. Kg2 e5 29. f4 exf4 30. Rxf4+ Bf5 31. Kf1 Rad8 32. Ke1 b4 33. h4 g5
34. hxg5+ Kxg5 35. Rxf5+ Kxf5 36. Ke2 Rd2+ 37. Ke1 c2 38. Rxc2 Rxc2 39. Kf1
Rdd2 40. Kg2 Rxf2+ 41. Kg3 Rfd2 42. a4 Rc3+ 43. Kh4 Rh2# 0-1

[Event "Detroit (MCO/A/1a/2)"]
[Site "?"]
[Date "1994.??.??"]
[Round "?"]
[White "Yavari, P."]
[Black "Walker, Douglas"]
[Result "0-1"]
[WhiteElo "1985"]
[BlackElo "1875"]
[PlyCount "106"]
[EventDate "1994.??.??"]

1. c4 Nf6 2. Nc3 g6 3. e4 d6 4. d4 Bg7 5. f3 O-O 6. Be3 Nbd7 7. Qd2 c5 8. Nge2
Re8 9. O-O-O Qa5 10. h4 cxd4 11. Nxd4 Ne5 12. Be2 h5 13. Kb1 a6 14. Bg5 Be6 15.
Bxf6 Bxf6 16. Nxe6 fxe6 17. g4 Rec8 18. Nd5 Qxd2 19. Nxf6+ exf6 20. Rxd2 hxg4
21. fxg4 Rc6 22. b3 Kg7 23. Rdd1 Rh8 24. h5 g5 25. Rdf1 Nd7 26. Rh3 Rh6 27. Re3
Ne5 28. Bd1 b5 29. cxb5 axb5 30. Be2 b4 31. Kb2 Rh8 32. Rc1 Rhc8 33. Rxc6 Rxc6
34. Rh3 Kh6 35. a4 bxa3+ 36. Kxa3 Rc2 37. Bb5 Nxg4 38. Rd3 d5 39. exd5 exd5 40.
Rf3 d4 41. Bd7 Ne5 42. Rxf6+ Kxh5 43. Be8+ Kg4 44. Rf1 d3 45. Bb5 Kg3 46. Rd1
d2 47. b4 Nf3 48. Ba4 Rc1 49. Kb2 Kf2 50. Rxc1 dxc1=Q+ 51. Kxc1 g4 52. Bd7 g3
53. Bh3 Ng1 0-1

[Event "Detroit (MCO/A/5/2)"]
[Site "?"]
[Date "1994.??.??"]
[Round "?"]
[White "Yavari, P."]
[Black "Santiago, Reynaldo"]
[Result "0-1"]
[WhiteElo "1985"]
[BlackElo "1995"]
[PlyCount "89"]
[EventDate "1994.??.??"]

{5/(2)} 1. c4 Nf6 2. Nc3 g6 3. e4 d6 4. d4 Bg7 5. f3 c6 6. Be3 Nbd7 7. Qd2 h5
8. h4 a6 9. a4 Qa5 10. O-O-O Rb8 11. Kc2 b5 12. b4 Qxb4 13. Rb1 Qa5 14. cxb5
cxb5 15. axb5 O-O 16. Bd3 axb5 17. Bxb5 Ba6 18. Qd3 Bxb5 19. Rxb5 Qa1 20. Qd1
Qa6 21. Rxb8 Rxb8 22. Nge2 Rc8 23. Kd2 Nb6 24. Ke1 Nc4 25. Bc1 e5 26. d5 Qa7
27. Qa4 Qb7 28. Qb5 Qc7 29. Kf2 Rb8 30. Qa4 Qc5+ 31. Kg3 Ne3 32. Ba3 Qc7 33.
Rc1 Qe7 34. Qc6 Ne8 35. Nb5 Rd8 36. Bb4 Bh6 37. Ra1 g5 38. Bc5 gxh4+ 39. Kh3
Qg5 40. Bxe3 Qxe3 41. Ra8 Qg5 42. Qb7 Kg7 43. Rc8 Kh8 44. Rxd8 Qxd8 45. Qxf7 {
[Remainder illegible; 0-1, 54?]} 0-1